Monopolies and restrictive trade practices commission and restrictive trade practices (Record no. 497896)

000 -LEADER
fixed length control field 00492cam a22001097a 4500
008 - FIXED-LENGTH DATA ELEMENTS--GENERAL INFORMATION
fixed length control field 180718b1969 xxu||||| |||| 00| 0 eng d
082 ## - DEWEY DECIMAL CLASSIFICATION NUMBER
Classification number T31501x54 M
245 ## - TITLE STATEMENT
Title Monopolies and restrictive trade practices commission and restrictive trade practices
Statement of responsibility, etc. by Secretariat of the Monopolies and Restrictive Trade Practices Commission
260 ## - PUBLICATION, DISTRIBUTION, ETC.
Place of publication, distribution, etc. New Delhi
Name of publisher, distributor, etc. The Central Electric Press
Date of publication, distribution, etc. 1969
300 ## - PHYSICAL DESCRIPTION
Extent 24p
700 ## - ADDED ENTRY--PERSONAL NAME
Personal name India. Secretariat of the Monopolies and Restrictive Trade Practices Commission
Holdings
Withdrawn status Lost status Damaged status Not for loan Permanent Location Current Location Date acquired Full call number Barcode Date last seen Price effective from Koha item type
        Indian Institute of Public Administration Indian Institute of Public Administration 2018-08-04 T31501x54 M GG19647 2018-08-04 2018-08-04 GG

Powered by Koha